Detalles MARC
| 000 -LEADER |
| campo de control de longitud fija |
03688cam a22005054i 4500 |
| 003 - IDENTIFICADOR DE NÚMERO DE CONTROL |
| campo de control |
PE-LiUPU |
| 005 - FECHA Y HORA DE LA ÚLTIMA TRANSACCIÓN |
| campo de control |
20250731172832.0 |
| 008 - DATOS DE LONGITUD FIJA--INFORMACIÓN GENERAL |
| campo de control de longitud fija |
150826s2014 miu rb 001 0 eng d |
| 020 ## - NÚMERO INTERNACIONAL ESTÁNDAR DEL LIBRO |
| Número Internacional Estándar del Libro |
9780802869791 |
| Información calificativa |
(pbk. : alk. paper) |
| 035 ## - NÚMERO DE CONTROL DEL SISTEMA |
| Número de control de sistema |
(Sirsi) i9780802869791 |
| 040 ## - FUENTE DE CATALOGACIÓN |
| Centro catalogador/agencia de origen |
DLC |
| Lengua de catalogación |
eng |
| Centro/agencia transcriptor |
DLC |
| Centro/agencia modificador |
DLC |
| -- |
PE-LiUPU |
| Normas de descripción |
rda |
| 049 ## - FONDOS LOCALES (OCLC) |
| Biblioteca depositaria |
PRUA |
| 050 00 - SIGNATURA TOPOGRÁFICA DE LA BIBLIOTECA DEL CONGRESO |
| Número de clasificación |
BT701.3 |
| Número de ítem |
.D47 2014 |
| 082 00 - NÚMERO DE LA CLASIFICACIÓN DECIMAL DEWEY |
| Número de clasificación |
233.5 |
| Cutter |
D6 |
| Número de edición |
23 |
| 245 04 - MENCIÓN DEL TÍTULO |
| Título |
The depth of the human person : |
| Resto del título |
a multidisciplinary approach / |
| Mención de responsabilidad, etc. |
edited by Michael Welker. |
| 264 #1 - PRODUCCIÓN, PUBLICACIÓN, DISTRIBUCIÓN, FABRICACIÓN Y COPYRIGHT |
| Producción, publicación, distribución, fabricación y copyright |
Grand Rapids. Michigan : |
| Nombre del de productor, editor, distribuidor, fabricante |
William B. Eerdmans Publishing Company, |
| Fecha de producción, publicación, distribución, fabricación o copyright |
2014. |
| 300 ## - DESCRIPCIÓN FÍSICA |
| Extensión |
x, 396 páginas ; |
| Dimensiones |
23 centímetros |
| 336 ## - TIPO DE CONTENIDO |
| Término de tipo de contenido |
text |
| Fuente |
rdacontent |
| 337 ## - TIPO DE MEDIO |
| Nombre/término del tipo de medio |
unmediated |
| Fuente |
rdamedia |
| 338 ## - TIPO DE SOPORTE |
| Nombre/término del tipo de soporte |
volume |
| Fuente |
rdacarrier |
| 504 ## - NOTA DE BIBLIOGRAFÍA, ETC. |
| Nota de bibliografía, etc. |
Incluye referencias bibliográficas e índice. |
| 505 0# - NOTA DE CONTENIDO CON FORMATO |
| Nota de contenido con formato |
Why is personhood conceptually difficult? / Andreas Kemmerling -- Flesh-body-heart-soul-spirit : Paul's anthropology as an interdisciplinary bridge-theory / Michael Welker -- Emergence, the quest for unity, and God : toward a constructive Christian theology of the person / Philip Clayton -- Towards an integrated anthropology / John C. Polkinghorne -- Brains, minds, souls, and people : a scientific perspective on complex human personhood / Malcolm Jeeves -- The emergence of human distinctiveness / Warren S. Brown -- Hierarchical selection and the evolutionary emergence of "spirit" / Jeffrey P. Schloss -- "Soul" and "spirit" in the anthropological discourse of the Hebrew Bible / Andreas Schüle -- Sarx, soma, and the transformative pneuma : personal identity endangered and regained in Pauline anthropology / Gerd Theissen -- Augustine's aporetic account of persona and the limits of relatio : a reconsideration of substance ontology and immutability / Volker Henning Drecoll -- Augustine's investigation into Imago Dei / Eiichi Katayanagi -- The affects of the soul and the effects of grace : of Melanchthon's understanding of faith and Christian emotions / Markus Höfner -- The concept of "body" in Indian Christian theological thought / Origen V. Jathanna -- The dignity of human personhood and the concept of the "image of God" / Bernd Oberdorfer -- Human dignity and the concept of person in law / Stephan Kirste -- On the relation of personhood and embodiment / Frank Vogelsang -- Can ethics be fully naturalized? / Maria Antonaccio -- Beyond distinct gender identities : the social construction of the human body / Isolde Karle -- Moral inwardness reconsidered / William Schweiker -- Human personhood at the edges of life : medical anthropology and theology in dialogue / Günter Thomas. |
| 526 ## - NOTA DE INFORMACIÓN SOBRE EL PROGRAMA DE ESTUDIO |
| Nombre del programa |
Segunda Especialidad En Profecías Bíblicas |
| 526 ## - NOTA DE INFORMACIÓN SOBRE EL PROGRAMA DE ESTUDIO |
| Nombre del programa |
Segunda Especialidad En Nuevo Testamento |
| 526 ## - NOTA DE INFORMACIÓN SOBRE EL PROGRAMA DE ESTUDIO |
| Nombre del programa |
Segunda Especialidad En Antiguo Testamento |
| 526 ## - NOTA DE INFORMACIÓN SOBRE EL PROGRAMA DE ESTUDIO |
| Nombre del programa |
Segunda Especialidad En Estudios Adventistas |
| 526 ## - NOTA DE INFORMACIÓN SOBRE EL PROGRAMA DE ESTUDIO |
| Nombre del programa |
Doctorado en teología |
| 526 ## - NOTA DE INFORMACIÓN SOBRE EL PROGRAMA DE ESTUDIO |
| Nombre del programa |
Maestría en teología histórica |
| 526 ## - NOTA DE INFORMACIÓN SOBRE EL PROGRAMA DE ESTUDIO |
| Nombre del programa |
Maestría en teología bíblica |
| 526 ## - NOTA DE INFORMACIÓN SOBRE EL PROGRAMA DE ESTUDIO |
| Nombre del programa |
Maestría en teología |
| 526 ## - NOTA DE INFORMACIÓN SOBRE EL PROGRAMA DE ESTUDIO |
| Nombre del programa |
Maestría en misionología |
| 526 ## - NOTA DE INFORMACIÓN SOBRE EL PROGRAMA DE ESTUDIO |
| Nombre del programa |
Maestría en liderazgo eclesiástico |
| 526 ## - NOTA DE INFORMACIÓN SOBRE EL PROGRAMA DE ESTUDIO |
| Nombre del programa |
Teología |
| 596 ## - |
| -- |
1 |
| 650 #0 - PUNTO DE ACCESO ADICIONAL DE MATERIA--TÉRMINO DE MATERIA |
| Término de materia o nombre geográfico como elemento de entrada |
Antropología filosófica. |
| 650 #0 - PUNTO DE ACCESO ADICIONAL DE MATERIA--TÉRMINO DE MATERIA |
| Término de materia o nombre geográfico como elemento de entrada |
Antropología Teológica |
| Subdivisión general |
Cristianismo. |
| 9 (RLIN) |
3787 |
| 650 #0 - PUNTO DE ACCESO ADICIONAL DE MATERIA--TÉRMINO DE MATERIA |
| Término de materia o nombre geográfico como elemento de entrada |
Seres humanos. |
| 700 1# - ENTRADA AGREGADA--NOMBRE PERSONAL |
| Nombre de persona |
Welker, Michael, |
| Fechas asociadas al nombre |
1947- , |
| Término indicativo de función/relación |
editor of compilation. |
| 910 ## - DATOS DE OPCIÓN DEL USUARIO (OCLC) |
| Datos de opción del usuario |
rdg |
| -- |
jck |
| -- |
rdg |
| -- |
20150826 |
| 942 ## - ELEMENTOS DE ENTRADA SECUNDARIOS (KOHA) |
| Fuente del sistema de clasificación o colocación |
Clasificación Decimal Dewey |
| Tipo de ítem Koha |
|
| 949 ## - PROCESAMIENTO DE INFORMACIÓN LOCAL (OCLC) |
| a |
PGT 233.5 D6 |
| w |
DEWEY |
| c |
1 |
| i |
71948 |
| l |
CCODEBUL1 |
| m |
BUL |
| p |
45.00 |
| r |
0 |
| s |
Y |
| t |
BOOK |
| u |
2015-8-26 |
| x |
TEOLOGIA |
| -- |
P85 |
| 0 |
COMPRA |
| o |
.CIRCNOTE. No olvidar cambiar la fecha de devolución!!!!!!! |
| -- |
.STAFF. Posgrado |
| 994 ## - |
| -- |
C0 |
| -- |
PEPRU |
| 999 ## - NÚMEROS DE CONTROL DE SISTEMA (KOHA) |
| -- |
DEWEY |
| -- |
71948 |
| -- |
2019-7-10 |
| -- |
2021-11-10 |
| -- |
4 |
| -- |
CCODEBUL1 |
| -- |
BUL |
| -- |
9 |
| -- |
45.00 |
| -- |
4 |
| -- |
0 |
| -- |
Y |
| -- |
BOOK |
| -- |
2015-8-26 |
| -- |
TEOLOGIA |
| -- |
P85 |
| -- |
COMPRA |
| -- |
.CIRCNOTE. No olvidar cambiar la fecha de devolución!!!!!!! |
| -- |
.STAFF. Posgrado |
| 980 ## - EQUIVALENCIA O REFERENCIA-CRUZADA-MENCIÓN DE SERIE--NOMBRE DE PERSONA/TÍTULO [LOCAL, CANADÁ] |
| ID del último usuario que modificó el registro |
1 |
| Nombre del último usuario que modificó el registro |
ALBERTO SANCHEZ Responsable de Automatización |